000 00750nam a22002297a 4500
999 _c536
_d536
003 AR-CdUCM
008 190225b ||||| |||| 00| 0 spa d
040 _aMUNICIPALIDAD PROVINCIAL DEL CUSCO
_cBIBLIOTECA MUNICIPAL DEL CUSCO
082 _a926.1 /
_bD48
100 _aDelgado, Honorio F,
_92095
245 _aParacelso /
260 _aBuenos Aires :
_bLosada
_c1947
300 _a116, [7] páginas ;
_c19 cm.
505 _aBiografía -- Medicina nueva -- Interpretación de la naturaleza -- Antropología -- Religión -- El ocultismo en quiebra...
650 _aMedicos
_92096
650 _aSuiza
_92097
650 _aBiografía
_922
650 _aReligión
_91195
650 _aCiencia
_92098
942 _2ddc
_cLIBROS
945 _admma
_d2019-02-25